书目信息 |
| 题名: |
设备设计与负荷计算软件高级实例教程
|
|
| 作者: | ;深圳市斯维尔科技有限公司 编著 | |
| 分册: | ||
| 出版信息: | 北京 中国建筑工业出版社 2009 |
|
| 页数: | 18,310页 | |
| 开本: | 26cm | |
| 丛书名: | ||
| 单 册: | ||
| 中图分类: | TU83-39 | |
| 科图分类: | ||
| 主题词: | 采暖设备--建筑设计--计算机辅助设计--应用软件 , 通风设备--建筑设计--计算机辅助设计--应用软件 , 采暖设备 , 建筑设计 , 计算机辅助设计 , 应用软件 , 通风设备 | |
| 电子资源: | ||
| ISBN: | 978-7-112-11646-1 | |
| 000 | 01236nam0 2200313 450 | |
| 001 | 0400002088 | |
| 005 | 20171020093130.0 | |
| 010 | @a978-7-112-11646-1@dCNY60.00 | |
| 100 | @a20100204e20172009em y0chiy50 ea | |
| 101 | 0 | @achi |
| 102 | @aCN@b110000 | |
| 105 | @aa z 000yy | |
| 106 | @ar | |
| 200 | 1 | @a设备设计与负荷计算软件高级实例教程@9she bei she ji yu fu he ji suan ruan jian gao ji shi li jiao cheng@f深圳市斯维尔科技有限公司编著 |
| 210 | @a北京@c中国建筑工业出版社@d2009@h2017.2 | |
| 215 | @a18,310页@c图@d26cm@e1光盘 | |
| 300 | @a建设工程软件系列教程 | |
| 330 | @a本书共二十五章,分成暖通负荷BECH和设备设计MECH二部分。前部分内容涉及:计算原理、设置管理、辅助功能、护结构建模、实例工程负荷计算等;后部分内容涉及:建筑底图、风管系统、空气处理、管线工具、系统剖面、尺寸标注等。 | |
| 606 | 0 | @a采暖设备@x建筑设计@x计算机辅助设计@x应用软件 |
| 606 | 0 | @a通风设备@x建筑设计@x计算机辅助设计@x应用软件 |
| 606 | 0 | @a采暖设备 |
| 606 | 0 | @a建筑设计 |
| 606 | 0 | @a计算机辅助设计 |
| 606 | 0 | @a应用软件 |
| 606 | 0 | @a通风设备 |
| 690 | @aTU83-39@v4 | |
| 711 | 02 | @a深圳市斯维尔科技有限公司@9shen zhen shi si wei er ke ji you xian gong si@4编著 |
| 801 | 0 | @aCN@b91MARC@c20171020 |
| 905 | @b1026331-5@dTU83-39@f5@e1055 | |
| 设备设计与负荷计算软件高级实例教程/深圳市斯维尔科技有限公司编著.-北京:中国建筑工业出版社,2009(2017.2) |
| 18,310页:图;26cm+1光盘 |
| 建设工程软件系列教程 |
| ISBN 978-7-112-11646-1:CNY60.00 |
| 本书共二十五章,分成暖通负荷BECH和设备设计MECH二部分。前部分内容涉及:计算原理、设置管理、辅助功能、护结构建模、实例工程负荷计算等;后部分内容涉及:建筑底图、风管系统、空气处理、管线工具、系统剖面、尺寸标注等。 |
| ● |
| 相关链接 |
|
|
|
|
正题名:设备设计与负荷计算软件高级实例教程
索取号:TU83-39/1055
 
预约/预借
| 序号 | 登录号 | 条形码 | 馆藏地/架位号 | 状态 | 备注 |
| 1 | 1026331 | 210263310 | 第二样本阅览室/ [索取号:TU83-39/1055] | 在馆 | |
| 2 | 1026332 | 210263329 | 密集书库-生命科学系/ [索取号:TU83-39/1055] | 在馆 | |
| 3 | 1026333 | 210263338 | 第三借阅区/ [索取号:TU83-39/1055] | 在馆 | |
| 4 | 1026334 | 210263347 | 第三借阅区/ [索取号:TU83-39/1055] | 在馆 | |
| 5 | 1026335 | 210263356 | 第三借阅区/ [索取号:TU83-39/1055] | 在馆 |